000 00723nam a2200241 i 4500
003 DO-SdBNP
005 20250108091542.0
007 ta
008 250108b199? dr ||||| |||| 00| 0 spa d
040 _aDO-SdBNP
_bspa
_cBNPHU
_erda
041 _hspa
082 4 _axxx
_bM938g
_222
100 _aMoya V., José Antonio
_eautor
_986357
245 1 0 _aEl gran error de un cortesano /
_cJosé Antonio Moya V.
264 _aCiudad no identificada :
_bEditora no identificada,
_cFecha no identificada
300 _a42 páginas ;
_c24 cm.
336 _2rdacontent
_atexto
_btxt
337 _2rdamedia
_asin mediación
_bn
338 _2rdacarrier
_avolumen
_bnc
590 _aInventariado, 2025/DG
910 _aDG
942 _2ddc
_cLF2
999 _c57998
_d57998